| 000 | 01492cam a2200373 a 4500 | ||
|---|---|---|---|
| 001 | 580002 | ||
| 003 | OSt | ||
| 005 | 20140310181958.0 | ||
| 008 | 900518r19901984nyu 000 1 eng | ||
| 010 | _a 90012628 | ||
| 020 |
_a0061064971 _c$8.50 ($11.50 Can.) |
||
| 040 |
_aDLC _cDLC _dDLC _dOCoLC _dDLC |
||
| 043 |
_an-us--- _an-us-va |
||
| 050 | 1 | 0 |
_aPS 1449 _b.C891 1990 |
| 082 | 0 | 0 |
_aKF C85r _bc1996. |
| 100 | 1 |
_aCrane, Stephen, _d1871-1900. _94875 |
|
| 245 | 1 | 4 |
_aThe red badge of courage / _cby Stephen Crane. |
| 250 | _a1st Vintage Books/the Library of America ed. | ||
| 260 |
_aNew York : _bharper collins _c1996 |
||
| 300 |
_a143 p. ; _c21 cm. |
||
| 500 | _a"Originally published in hardcover, in somewhat different form, by the Library of America, in 1984"--T.p. verso. | ||
| 521 | _aFaculty. | ||
| 541 | _j1 | ||
| 562 | _e1 | ||
| 650 | 0 |
_aChancellorsville, Battle of, Chancellorsville, Va., 1863 _vFiction. _94876 |
|
| 651 | 0 |
_aVirginia _xHistory _yCivil War, 1861-1865 _vFiction. _94877 |
|
| 655 | 7 |
_aHistorical fiction. _2gsafd _92926 |
|
| 655 | 7 |
_aWar stories. _2gsafd _94878 |
|
| 856 | 4 | 2 |
_3Publisher description _uhttp://www.loc.gov/catdir/description/random049/90012628.html |
| 856 | 4 | 2 |
_3Contributor biographical information _uhttp://www.loc.gov/catdir/enhancements/fy0703/90012628-b.html |
| 856 | 4 | 1 |
_3Sample text _uhttp://www.loc.gov/catdir/enhancements/fy0703/90012628-s.html |
| 906 |
_a7 _bcbc _corignew _d1 _eocip _f19 _gy-gencatlg |
||
| 942 |
_2lcc _cBK-KF _kKF |
||
| 999 |
_c7966 _d7966 |
||